<The> Constitutional-egal and Institutional Conditionalities of the Shaping and Implementation of the Foreign Policy of Slovak Republic

Gespeichert in:
Bibliographische Detailangaben
1. Verfasser: Weiss, Peter
Format: Buchkapitel
Sprache:Englisch
Schlagworte:
Tags: Tag hinzufügen
Keine Tags, Fügen Sie das erste Tag hinzu!

MARC

LEADER 00000naa$a2200000$$$4500
001 0190367
005 20230602090655.6
041 0 |a eng 
044 |a SK 
245 1 0 |a <The> Constitutional-egal and Institutional Conditionalities of the Shaping and Implementation of the Foreign Policy of Slovak Republic  |c Peter Weiss 
610 2 0 |a politika zahraničná 
610 2 0 |a ústava 
610 2 0 |a Slovensko 
100 1 |a Weiss, Peter